[Event "San Francisco TNM Fall op"]
[Site "San Francisco"]
[Date "2016.11.22"]
[Round "6"]
[White "Winslow, Elliott C"]
[Black "Manvelyan, Hovik"]
[Result "1-0"]
[WhiteElo "2314"]
[BlackElo "2007"]
[PlyCount "57"]
[EventDate "2016.10.18"]
[EventType "swiss"]
[EventRounds "9"]
[EventCountry "USA"]
[SourceTitle "EXT 2018"]
[Source "ChessBase"]
[SourceDate "2017.10.13"]
[SourceVersion "1"]
[SourceVersionDate "2017.10.13"]
[SourceQuality "1"]

1. e4 e6 2. d4 d5 3. Nd2 c5 4. Ngf3 cxd4 5. Nxd4 Nc6 6. Nxc6 bxc6 7. Bd3 Nf6 8. Qe2 Qb6 9. 0-0 a5 10. b3 Ba6 11. Bb2 Bc5 12. c4 Bd4 13. Bxd4 Qxd4 14. Rac1 0-0 15. Nf3 Qa7 16. e5 Nd7 17. Bxh7+ Kxh7 18. Ng5+ Kg6 19. Rc3 Nxe5 20. Rg3 f6 21. Nxe6+ Kf7 22. Rxg7+ Kxe6 23. Rxa7 Rxa7 24. f4 dxc4 25. fxe5 cxb3 26. Qg4+ f5 27. Qg6+ Kxe5 28. Re1+ Kd4 29. Qd6+ 1-0

[Event "San Francisco TNM Fall op"]
[Site "San Francisco"]
[Date "2014.10.21"]
[Round "1"]
[White "Manvelyan, Hovik"]
[Black "Robertson, Guy"]
[Result "1-0"]
[WhiteElo "2005"]
[BlackElo "1494"]
[PlyCount "71"]
[EventDate "2014.10.21"]
[EventType "swiss"]
[EventRounds "8"]
[EventCountry "USA"]
[SourceTitle "EXT 2016"]
[Source "ChessBase"]
[SourceDate "2015.10.08"]
[SourceVersion "1"]
[SourceVersionDate "2015.10.08"]
[SourceQuality "1"]

1. e4 c5 2. b4 b6 3. f4 e6 4. Bb2 Bb7 5. d3 Nc6 6. bxc5 bxc5 7. Nf3 Nf6 8. Nbd2 Be7 9. Nc4 d5 10. exd5 exd5 11. Nce5 0-0 12. Be2 d4 13. 0-0 Nd5 14. Nc4 Na5 15. Nxa5 Qxa5 16. Qd2 Qxd2 17. Nxd2 Ne3 18. Rf2 Nxc2 19. Rb1 Bd5 20. Bf3 Bxf3 21. Rxf3 f5 22. Nc4 Rab8 23. a3 h6 24. Rc1 Ne3 25. Nxe3 Rxb2 26. Nc4 Re2 27. Rb1 g5 28. Kf1 Re6 29. Rb7 g4 30. Rf2 Re8 31. Rxa7 g3 32. hxg3 Bd6 33. Rb2 Re1+ 34. Kf2 Rd1 35. Nxd6 Ree1 36. Rb8+ 1-0

[Event "San Francisco TNM Summer op"]
[Site "San Francisco"]
[Date "2014.07.08"]
[Round "7"]
[White "Newey, Richard H"]
[Black "Manvelyan, Hovik"]
[Result "0-1"]
[WhiteElo "1749"]
[BlackElo "1902"]
[PlyCount "52"]
[EventDate "2013.05.28"]
[EventType "swiss"]
[EventRounds "8"]
[EventCountry "USA"]
[SourceTitle "EXT 2016"]
[Source "ChessBase"]
[SourceDate "2015.10.08"]
[SourceVersion "1"]
[SourceVersionDate "2015.10.08"]
[SourceQuality "1"]

1. e4 e6 2. d4 d5 3. Nd2 c5 4. exd5 Qxd5 5. Ngf3 cxd4 6. Bc4 Qd6 7. 0-0 Nf6 8. Nb3 Nc6 9. Nbxd4 Nxd4 10. Nxd4 Qc7 11. Bb3 Bd6 12. g3 Bd7 13. Re1 0-0-0 14. Be3 e5 15. Ne2 Bc6 16. Qc1 Qd7 17. f3 Qh3 18. Rf1 Ng4 19. Rf2 Nxf2 20. Qf1 Qxf1+ 21. Rxf1 Nh3+ 22. Kg2 Bd7 23. Bxa7 Ng5 24. Rd1 Be6 25. Rd3 e4 26. Nd4 exd3 0-1

[Event "San Francisco TNM Summer op"]
[Site "San Francisco"]
[Date "2014.06.24"]
[Round "5"]
[White "Manvelyan, Hovik"]
[Black "Casares, Nick Jr"]
[Result "1-0"]
[WhiteElo "2026"]
[BlackElo "1600"]
[PlyCount "91"]
[EventDate "2014.05.27"]
[EventType "swiss"]
[EventRounds "8"]
[EventCountry "USA"]
[SourceTitle "EXT 2016"]
[Source "ChessBase"]
[SourceDate "2015.10.08"]
[SourceVersion "1"]
[SourceVersionDate "2015.10.08"]
[SourceQuality "1"]

1. f4 d5 2. Nf3 Bf5 3. e3 Nf6 4. b3 e6 5. Bb2 Nbd7 6. Nc3 c6 7. Ne2 Be7 8. Ng3 Bg4 9. Be2 0-0 10. 0-0 h5 11. Ne5 Bxe2 12. Qxe2 h4 13. Nxd7 Qxd7 14. Nh5 Nxh5 15. Qxh5 Qd8 16. f5 Bf6 17. Bxf6 Qxf6 18. fxe6 Qxe6 19. Rf4 Qg6 20. Qxg6 fxg6 21. Rxh4 Rae8 22. Rf1 Re4 23. Rxf8+ Kxf8 24. Rxe4 dxe4 25. Kf2 Ke7 26. h4 Ke6 27. g4 c5 28. c4 Ke5 29. Ke2 a5 30. Kd1 Ke6 31. Kc2 Kd6 32. Kc3 Ke5 33. d3 exd3 34. Kxd3 b6 35. a3 Kd6 36. Ke4 Ke6 37. Kf4 Kf6 38. e4 g5+ 39. hxg5+ Ke6 40. g6 Kf6 41. e5+ Ke7 42. Ke4 Ke6 43. g5 Ke7 44. Kd5 Kd7 45. e6+ Kc7 46. a4 1-0

[Event "San Francisco TNM Summer op"]
[Site "San Francisco"]
[Date "2014.05.27"]
[Round "1"]
[White "Manvelyan, Hovik"]
[Black "James, Charles"]
[Result "1/2-1/2"]
[WhiteElo "2026"]
[BlackElo "1517"]
[PlyCount "49"]
[EventDate "2014.05.27"]
[EventType "swiss"]
[EventRounds "8"]
[EventCountry "USA"]
[SourceTitle "EXT 2016"]
[Source "ChessBase"]
[SourceDate "2015.10.08"]
[SourceVersion "1"]
[SourceVersionDate "2015.10.08"]
[SourceQuality "1"]

1. e4 e6 2. Qe2 Nc6 3. Nf3 g6 4. g3 Bg7 5. Bg2 e5 6. 0-0 d6 7. c3 Be6 8. d3 h6 9. Nh4 Nge7 10. f4 Qd7 11. Be3 f5 12. Nd2 0-0-0 13. b4 exf4 14. gxf4 Bxc3 15. Rac1 Bxb4 16. a3 Bxa3 17. Rb1 Bc5 18. Rfc1 Nd4 19. Qf2 Nec6 20. exf5 Bxf5 21. Bxd4 Bxd4 22. Qxd4 Nxd4 23. Bxb7+ Kb8 24. Bc6+ Kc8 25. Bb7+ 1/2-1/2

[Event "San Francisco TNM Spring op"]
[Site "San Francisco"]
[Date "2014.04.15"]
[Round "5"]
[White "Sherwood, Peter"]
[Black "Manvelyan, Hovik"]
[Result "0-1"]
[WhiteElo "1808"]
[BlackElo "2030"]
[PlyCount "28"]
[EventDate "2014.03.18"]
[EventType "swiss"]
[EventRounds "8"]
[EventCountry "USA"]
[SourceTitle "EXT 2016"]
[Source "ChessBase"]
[SourceDate "2015.10.08"]
[SourceVersion "1"]
[SourceVersionDate "2015.10.08"]
[SourceQuality "1"]

1. e4 c6 2. d4 d5 3. Nc3 dxe4 4. Nxe4 Nf6 5. Nxf6+ gxf6 6. Nf3 Bg4 7. Be3 Qc7 8. Be2 Nd7 9. Qd2 e6 10. 0-0-0 0-0-0 11. Qc3 Nb6 12. Qa5 Rd5 13. Qxa7 Bb4 14. Qa4 Nxa4 0-1

[Event "San Francisco TNM Winter op"]
[Site "San Francisco"]
[Date "2014.02.25"]
[Round "8"]
[White "Manvelyan, Hovik"]
[Black "Winslow, Elliott C"]
[Result "0-1"]
[WhiteElo "1925"]
[BlackElo "2281"]
[PlyCount "56"]
[EventDate "2014.01.07"]
[EventType "swiss"]
[EventRounds "8"]
[EventCountry "USA"]
[SourceTitle "EXT 2016"]
[Source "ChessBase"]
[SourceDate "2015.10.08"]
[SourceVersion "1"]
[SourceVersionDate "2015.10.08"]
[SourceQuality "1"]

1. d4 Nf6 2. c4 e6 3. g3 c5 4. Nf3 cxd4 5. Bg2 Qa5+ 6. Nbd2 Nc6 7. 0-0 e5 8. Nb3 Qc7 9. e3 dxe3 10. Bxe3 Be7 11. Nh4 d6 12. h3 Be6 13. Nd2 d5 14. Qe2 Rd8 15. f4 d4 16. Bf2 exf4 17. g4 0-0 18. g5 d3 19. Qe1 Nd7 20. g6 Nf6 21. gxf7+ Bxf7 22. Nf5 Bb4 23. a3 Rfe8 24. Qd1 Bxd2 25. Qxd2 Re2 26. Qc3 Qe5 27. Qxe5 Rxe5 28. Nh4 Bxc4 0-1

[Event "San Francisco Neil Falconer op"]
[Site "San Francisco"]
[Date "2013.08.27"]
[Round "4"]
[White "Manvelyan, Hovik"]
[Black "Maser, Thomas F"]
[Result "1-0"]
[WhiteElo "1922"]
[BlackElo "1904"]
[PlyCount "57"]
[EventDate "2013.08.06"]
[EventType "swiss"]
[EventRounds "9"]
[EventCountry "USA"]
[SourceTitle "EXT 2016"]
[Source "ChessBase"]
[SourceDate "2015.10.08"]
[SourceVersion "1"]
[SourceVersionDate "2015.10.08"]
[SourceQuality "1"]

1. Nf3 Nf6 2. b3 e6 3. e3 d5 4. Bb2 Bd6 5. Be2 0-0 6. Ne5 c5 7. 0-0 Nc6 8. f4 Bxe5 9. fxe5 Nd7 10. d4 Qg5 11. Rf3 cxd4 12. exd4 f6 13. Bc1 Qg6 14. Ba3 Rd8 15. Bd3 Qg4 16. Bxh7+ Kh8 17. c3 fxe5 18. Bc2 Nf6 19. Rh3+ Kg8 20. Qxg4 Nxg4 21. Rg3 Nf6 22. dxe5 Nxe5 23. Be7 Rf8 24. Bxf8 Kxf8 25. Nd2 Bd7 26. Re1 Nf7 27. Nf3 Rc8 28. Ne5 Be8 29. Ng6+ 1-0

[Event "San Francisco TNM Spring op"]
[Site "San Francisco"]
[Date "2013.03.26"]
[Round "2"]
[White "Gaffagan, Steven"]
[Black "Manvelyan, Hovik"]
[Result "1/2-1/2"]
[WhiteElo "2086"]
[BlackElo "1920"]
[PlyCount "84"]
[EventDate "2013.03.19"]
[EventType "swiss"]
[EventRounds "8"]
[EventCountry "USA"]
[SourceTitle "EXT 2016"]
[Source "ChessBase"]
[SourceDate "2015.10.08"]
[SourceVersion "1"]
[SourceVersionDate "2015.10.08"]
[SourceQuality "1"]

1. c4 Nf6 2. d4 d6 3. Nc3 Nbd7 4. e4 e5 5. Nf3 Be7 6. Be2 0-0 7. 0-0 c6 8. Re1 Qc7 9. Bf1 Re8 10. h3 a5 11. b3 Nf8 12. Bb2 Ng6 13. Rc1 Bf8 14. a3 Bd7 15. Qd2 Nh5 16. dxe5 dxe5 17. Na4 Rad8 18. Qe3 Nhf4 19. Red1 f6 20. Nb6 Be6 21. Nd5 Qf7 22. Nxf4 Nxf4 23. Kh2 Qh5 24. Nd2 Rd7 25. Nf3 Red8 26. Rxd7 Rxd7 27. Ng1 g5 28. g3 Nxh3 29. Nxh3 Bxh3 30. Bxh3 g4 31. Qe2 Qxh3+ 32. Kg1 Bc5 33. Rc3 Bd4 34. Rd3 c5 35. Bxd4 cxd4 36. c5 Rg7 37. Qd2 Rg6 38. Qxa5 Rh6 39. Qd8+ Kg7 40. Qd7+ Kg8 41. Qe8+ Kg7 42. Qd7+ Kg8 1/2-1/2

[Event "San Francisco TNM Litowsky op"]
[Site "San Francisco"]
[Date "2011.09.06"]
[Round "6"]
[White "Manvelyan, Hovik"]
[Black "Gaffagan, Steven"]
[Result "0-1"]
[WhiteElo "2045"]
[BlackElo "2072"]
[PlyCount "112"]
[EventDate "2011.08.02"]
[EventType "swiss"]
[EventRounds "9"]
[EventCountry "USA"]
[SourceTitle "EXT 2016"]
[Source "ChessBase"]
[SourceDate "2015.10.08"]
[SourceVersion "1"]
[SourceVersionDate "2015.10.08"]
[SourceQuality "1"]

1. f4 d5 2. Nf3 Nf6 3. e3 Bg4 4. b3 Nbd7 5. Bb2 c6 6. Be2 Bxf3 7. Bxf3 Qc7 8. 0-0 e5 9. d3 Bd6 10. g3 0-0-0 11. c4 Kb8 12. Nc3 exf4 13. exf4 dxc4 14. dxc4 Nc5 15. Qc2 h5 16. b4 Nd3 17. c5 Be7 18. Ba3 h4 19. Rad1 hxg3 20. Rxd3 Qxf4 21. Rxd8+ Bxd8 22. hxg3 Qxg3+ 23. Qg2 Qe5 24. Ne4 Nxe4 25. Bxe4 Qd4+ 26. Rf2 Bh4 27. Bf3 Rd8 28. Bc1 a5 29. Bg5 Qxf2+ 30. Qxf2 Bxf2+ 31. Kxf2 Rd4 32. bxa5 Ra4 33. Bd8 Rxa2+ 34. Kg3 Ra4 35. Bb6 Kc8 36. Bg4+ Kb8 37. Bf3 Kc8 38. Bg4+ Kb8 39. Bf3 f5 40. Bd1 Rc4 41. Be2 Rb4 42. Bf3 Ra4 43. Bd1 Ra1 44. Bf3 g5 45. Bd8 g4 46. Bg2 Ra4 47. a6 Rxa6 48. Kf4 Kc8 49. Bh4 Ra2 50. Bf1 Rc2 51. Kxf5 Rxc5+ 52. Kxg4 b5 53. Be7 Rc1 54. Bg2 Kd7 55. Bg5 Rg1 56. Kf3 Re1 0-1

[Event "San Francisco TNM Winter op"]
[Site "San Francisco"]
[Date "2011.02.01"]
[Round "5"]
[White "Manvelyan, Hovik"]
[Black "Banik, Siddharth G"]
[Result "0-1"]
[WhiteElo "1992"]
[BlackElo "1765"]
[PlyCount "88"]
[EventDate "2011.01.04"]
[EventType "swiss"]
[EventRounds "8"]
[EventCountry "USA"]
[SourceTitle "EXT 2012"]
[Source "ChessBase"]
[SourceDate "2011.11.24"]
[SourceVersion "1"]
[SourceVersionDate "2011.11.24"]
[SourceQuality "1"]

1. e4 c5 2. Nc3 Nc6 3. g3 g6 4. Bg2 Bg7 5. d3 d6 6. f4 Nd4 7. Nce2 e6 8. c3 Nc6 9. Nf3 Nge7 10. 0-0 0-0 11. h3 e5 12. Kh2 f6 13. Be3 b6 14. Qb3+ Kh8 15. Rad1 Ba6 16. Rd2 Qc8 17. Qd1 d5 18. fxe5 fxe5 19. Bg5 h6 20. Be3 c4 21. d4 dxe4 22. Nxe5 Nxe5 23. dxe5 Nf5 24. Bd4 Bb7 25. Nf4 Kh7 26. Qg4 Qe8 27. Re1 h5 28. Qe2 Bh6 29. Rf1 h4 30. gxh4 Nxd4 31. Rxd4 Bxf4+ 32. Kh1 Rd8 33. Bxe4 Rxd4 34. cxd4 Qe6 35. Kg2 Bc8 36. Rf3 Kg7 37. Qf2 Bh6 38. Qg3 Rxf3 39. Qxf3 Qf7 40. Qa3 Bb7 41. Bxb7 Qxb7+ 42. Kg3 Qf7 43. Qd6 Be3 44. e6 Qf2+ 0-1

[Event "San Francisco TNM Winter op"]
[Site "San Francisco"]
[Date "2011.01.18"]
[Round "3"]
[White "Fuentes, Romulo C"]
[Black "Manvelyan, Hovik"]
[Result "1-0"]
[WhiteElo "2247"]
[BlackElo "1992"]
[PlyCount "67"]
[EventDate "2011.01.04"]
[EventType "swiss"]
[EventRounds "8"]
[EventCountry "USA"]
[SourceTitle "EXT 2012"]
[Source "ChessBase"]
[SourceDate "2011.11.24"]
[SourceVersion "1"]
[SourceVersionDate "2011.11.24"]
[SourceQuality "1"]

1. e4 c6 2. d4 d5 3. e5 Bf5 4. Nc3 Qb6 5. Qd2 h5 6. Nge2 g6 7. Na4 Qc7 8. Ng3 Bh6 9. f4 e6 10. Nxf5 exf5 11. b3 Bf8 12. Be2 Nd7 13. c4 Nb6 14. Nxb6 Qxb6 15. Bb2 Bb4 16. Bc3 Bxc3 17. Qxc3 Ne7 18. c5 Qc7 19. 0-0 0-0 20. Qg3 Kh7 21. Qg5 Rh8 22. Rf3 Ng8 23. Bd3 Qd8 24. Qg3 Qa5 25. Qf2 Nh6 26. h3 Rhe8 27. a3 Ng8 28. Qc2 Qc7 29. Bxf5 gxf5 30. Qxf5+ Kh6 31. Qg5+ Kh7 32. Rg3 f6 33. Qxh5+ Nh6 34. Qg6+ 1-0